00374pab a2200133 454500008004000000100002600040245007000066260000900136300001400145650000900159650001400168700003200182773002600214180718b2005 xxu||||| |||| 00| 0 eng d aNadarajah, Suthaharan aLiberation struggle or terrorism? The politics of naming the LTTE c2005 ap.87-100. aLTTE aTerrorism aSriskandarajah, Dhananjayan aThird World Quarterly